000 02138cam a2200421 a 4500
001 000011970
005 20200929162635.0
008 830624s1982 ck b 100 0 spa
035 _a(DLC) 83165486
040 _aDO-SdBNP
_cDLC
_dDLC
_dMoSU-L
050 0 0 _aHF3422
_b.L42 1982
082 _a382/.09861
_b19
245 0 0 _aLecturas sobre el sector externo de la economía colombiana :
_bselección de documentos /
_ccontribuciones Javier Ballesteros Mejía ... [et al. ; Javier Ballesteros Mejía, editor].
260 _aBogotá :
_bFacultad de Ciencias Económicas y Administrativas, Pontificia Universidad Javeriana,
_c1982.
300 _a189 p. ;
_c24 cm.
500 _a"El presente libro recoge los documentos y ponencias que formaron parte del Seminario Internacional sobre el Sector Externo de la Economia Colombiana, organizado por la Facultad de Ciencias Económicas y Administrativas de la Universidad Javeriana y que tuvo lugar en la sede de la universidad en julio de 1982."--P. i.
504 _aIncluye referencias bibliográficas.
651 0 _aColombia
_xCommerce
_xCongresses.
_928249
651 0 _aColombia
_xForeign Economic Relations
_xCongresses.
_928250
630 0 0 _aCartagena Agreement
_d(1969)
_xCongresses.
_928251
700 1 _aBallesteros Mejia, Javier,
_eed.
_928252
700 1 _aBotero de los Ríos, Germán .
_928253
700 1 _aEzcurra, Enrique.
_928254
700 1 _aGómez Buendía, Hernando.
_928255
700 1 _aLow, Patrich.
_928256
700 1 _aLLorente, Rodrigo.
_928257
700 1 _aMauthner, Martin.
_928258
700 1 _aMelo Guevara, Gabriel.
_928259
700 1 _aMéndez Munnévar, Jorge.
_928260
700 1 _aPérez Palacio, Francisco.
_928261
700 1 _aPower, Alejandro.
_928262
700 1 _aRamírez Acampo, Augusto.
_928263
700 1 _aRojas Llorente, Alfonso.
_928264
700 1 _aRicardo Villaveces.
_928265
710 1 _aPontificia Universidad Javeriana.
_bFacultad de Ciencias Económicas y Administrativas,
_928266
711 1 _aSeminario Internacional sobre el Sector Externo de la Economía Colombiana
_d(1982 :
_cUniversidad Javeriana)
_928267
049 _aBNGR
999 _c11640
_d11640